Shut Up and Dance Lyrics - Statistics

General Stats
  • This quiz has been taken 887 times
  • The average score is 45 of 51
Answer Stats
Hint Answer % Correct
Just keep your ____ on me." eyes
99%
Just keep your ____ on me." eyes
99%
Just keep your ____ on me." eyes
99%
Deep in her ____, eyes
99%
Just keep your ____ on me." eyes
99%
____ up and dance with me." Shut
99%
____ up and dance with me." Shut
99%
____ up and dance with me." Shut
99%
____ up and dance with me." Shut
99%
I said, "You're holding ____, " back
98%
I said, "You're holding ____, " back
98%
I said, "You're holding ____, " back
98%
I said, "You're holding ____, " back
98%
She ____, "Ooh-ooh-hoo, said
98%
She ____, "Ooh-ooh-hoo, said
98%
She ____, "Ooh-ooh-hoo, said
98%
She ____, "Ooh-ooh-hoo, said
98%
___ said, "Shut up and dance with me!" She
98%
___ said, "Shut up and dance with me!" She
98%
___ said, "Shut up and dance with me!" She
98%
___ said, "Shut up and dance with me!" She
98%
"Oh don't you ____ look back. dare
97%
"Oh don't you ____ look back. dare
97%
"Oh don't you ____ look back. dare
97%
____ up and dance with me." dare
97%
This woman is my _______ destiny
96%
This woman is my _______ destiny
96%
This woman is my _______ destiny
96%
This woman is my _______ destiny
96%
I don't know how it _______. happened
88%
I don't know how it _______. happened
88%
I don't know how it _______. happened
88%
She took my ___, arm
87%
She took my ___, arm
87%
She took my ___, arm
87%
We took the _____ and she said, floor
85%
We took the _____ and she said, floor
85%
We took the _____ and she said, floor
85%
I knew we were bound to be _______, together
85%
Bound to be ______ together
85%
Oh, we were _____ to get together, bound
83%
_____ to get together. Bound
83%
We were ______ of the night, victims
78%
I realize this is my last ______. chance
77%
I think I see the _____. future
70%
The _______, physical, kryptonite chemical
69%
My discothèque, ______ teenage dream. Juliet
57%
I felt it in my _____ as she looked at me. chest
53%
Oh, come on ____! girl
51%
A backless dress and some beat up ______, sneaks
48%
________ to the bass and the fading light Helpless
34%
No matching quizzes found
Score Distribution
Percent of People with Each Score
Percentile by Number Answered
Your Score History
You have not taken this quiz